• 首页
  • 本馆介绍
  • 公告通知
  • 最新文献
  • 馆藏检索
  • 电子资源
  • 读者导购
  • 参考咨询
  • 我的图书馆
  • 登录
  • 详细信息显示
  • 放入我的书架
  • 预约/预借图书
  • 作者相关作品
  • 分类相关作品
  • 丛书相关作品
  • 出版社相关作品

书目信息

  • 表格格式
  • 工作单格式
  • 卡片格式
题名:
危险化学品消防
    
 
作者: 马良 , 杨守生 编著
分册:  
出版信息: 北京   化学工业出版社  2005
页数: 263页
开本: 24cm
丛书名: 危险化学品安全丛书
单 册:
中图分类: TQ086.5
科图分类:
主题词: 化学品--危险物品管理--消防 , 化工产品 , 危险物品管理 , 消防
电子资源:
ISBN: 7-5025-6777-1
000 00957oam2 2200301 450
001 012007795103
005 20070517143512.17
010    @a7-5025-6777-1@dCNY36.00
100    @a20070509d2005 km y0chiy0120 ea
101 0  @achi
102    @aCN@b110000
105    @ay z 000yy
106    @ar
200 1  @a危险化学品消防@Awei xian hua xue pin xiao fang@f马良,杨守生编著@Fma liang,yang shou sheng bian zhu
210    @a北京@c化学工业出版社@d2005
215    @a263页@d24cm
225 2  @a危险化学品安全丛书
330    @a本书介绍了各类危险化学品的防火原理、火灾扑灭与应急求援,危险化学品、消防技术装备及危险化学品的安全管理。
461  0 @12001 @a危险化学品安全丛书
606 0  @a化学品@x危险物品管理@x消防
606 0  @a化工产品
606 0  @a危险物品管理
606 0  @a消防
690    @aTQ086.5@v4
701  0 @a马良@Ama liang@c(消防)@4编著
701  0 @a杨守生@Ayang shou sheng@4编著
801  0 @aCN@bRULIN@c20070517
905    @dTQ086.5@e119@s8
    
    危险化学品消防/马良,杨守生编著.-北京:化学工业出版社,2005
    263页;24cm.-(危险化学品安全丛书)
    
    
    ISBN 7-5025-6777-1:CNY36.00
    本书介绍了各类危险化学品的防火原理、火灾扑灭与应急求援,危险化学品、消防技术装备及危险化学品的安全管理。
●
相关链接 在E读中查询图书 在五车中查询图书 在当当中查询图书 在豆瓣中查询图书


正题名:危险化学品消防     索取号:TQ086.5/119         预约/预借

序号 登录号 条形码 馆藏地/架位号 状态 备注
1 0574539   205745390   第二样本阅览室/ [索取号:TQ086.5/119] 在馆    
2 0574540   205745407   密集书库/ [索取号:TQ086.5/119] 在馆    
3 0574541   205745416   第三借阅区/ [索取号:TQ086.5/119] 在馆    
4 0574542   205745425   第三借阅区/ [索取号:TQ086.5/119] 在馆    
5 0574543   205745434   第三借阅区/ [索取号:TQ086.5/119] 在馆    
6 0574544   205745443   密集书库/ [索取号:TQ086.5/119] 在馆    
7 0574545   205745452   密集书库/ [索取号:TQ086.5/119] 在馆    
8 0574546   205745461   密集书库/ [索取号:TQ086.5/119] 在馆    
唐山师范学院图书馆 欢迎您!
大连网信软件有限公司© 版权所有